| 000 | 00394nam a22001577a 4500 | ||
|---|---|---|---|
| 005 | 20240730160103.0 | ||
| 008 | 240730b |||||||| |||| 00| 0 eng d | ||
| 020 | _a0-87701-415-9 | ||
| 050 |
_aND 1488 .A44 1986 _b1 |
||
| 100 | _aALLEN JEANNE. | ||
| 245 | _aDESIGNER'S GUIDE TO COLOR 3 | ||
| 260 |
_aUS _bCHRONICLE BOOKS _c1986 |
||
| 300 | _a119P.ILL. | ||
| 650 | _aCOLOR | ||
| 942 |
_2lcc _cBK |
||
| 999 |
_c211057 _d211057 |
||